How to let things go (Record no. 233512)
[ view plain ]
| 000 -LEADER | |
|---|---|
| fixed length control field | 01507nam a22002537a 4500 |
| 005 - DATE AND TIME OF LATEST TRANSACTION | |
| control field | 20250506113554.0 |
| 008 - FIXED-LENGTH DATA ELEMENTS--GENERAL INFORMATION | |
| fixed length control field | 250106b ||||| |||| 00| 0 eng d |
| 020 ## - INTERNATIONAL STANDARD BOOK NUMBER | |
| International Standard Book Number | 9781846048388 |
| 040 ## - CATALOGING SOURCE | |
| Transcribing agency | AL |
| 041 ## - LANGUAGE CODE | |
| Language code of text/sound track or separate title | eng |
| 082 ## - DEWEY DECIMAL CLASSIFICATION NUMBER | |
| Edition number | 23 |
| Classification number | 158.2 |
| Item number | MASH |
| 100 ## - MAIN ENTRY--PERSONAL NAME | |
| Personal name | Shunmyo Masuno |
| 100 ## - MAIN ENTRY--PERSONAL NAME | |
| 9 (RLIN) | 209435 |
| 245 ## - TITLE STATEMENT | |
| Title | How to let things go |
| 260 ## - PUBLICATION, DISTRIBUTION, ETC. | |
| Place of publication, distribution, etc. | London |
| Name of publisher, distributor, etc. | Penguin Random House |
| Date of publication, distribution, etc. | 2024 |
| 300 ## - PHYSICAL DESCRIPTION | |
| Extent | xiii,207p. |
| Other physical details | HB |
| Dimensions | 18x13cm. |
| 365 ## - TRADE PRICE | |
| Source of price type code | Physics |
| Price type code | XIA4-155580 |
| Price amount | 499.55 |
| Currency code | ₹ |
| Unit of pricing | 515.00 |
| Price note | 3% |
| 520 ## - SUMMARY, ETC. | |
| Summary, etc. | Think of letting things go as setting them free.<br/>Amid the relentless cycle of news, social media, emails and texts, it can be hard to know when, if ever, you can take a break. In this insightful book, renowned Zen Buddhist monk, Shunmyo Masuno, offers us a radical message: sometimes the best thing you can do is nothing at all.<br/>You will learn 99 empowering tips and truths that will help you ease the pressure, including how to say no and accept that you cannot do what you cannot do, that social media is a tool and nothing more, that decisions should be made in the light of day – not rushed into – and that we should take more breaks the busier we become.<br/>How to Let Things Go will teach you how to relinquish control and find a way to a calmer, more fulfilling life. |
| 650 ## - SUBJECT ADDED ENTRY--TOPICAL TERM | |
| Topical term or geographic name entry element | Free Yourself Up for what matters most |
| 9 (RLIN) | 192246 |
| 650 ## - SUBJECT ADDED ENTRY--TOPICAL TERM | |
| Topical term or geographic name entry element | Worry |
| 9 (RLIN) | 192247 |
| 650 ## - SUBJECT ADDED ENTRY--TOPICAL TERM | |
| Topical term or geographic name entry element | Energy |
| 9 (RLIN) | 192248 |
| 700 ## - ADDED ENTRY--PERSONAL NAME | |
| Personal name | MASUNO (Shunmyo) |
| 9 (RLIN) | 192249 |
| 700 ## - ADDED ENTRY--PERSONAL NAME | |
| Personal name | POWELLL (Allison Markin) Tr |
| 9 (RLIN) | 192250 |
| 942 ## - ADDED ENTRY ELEMENTS (KOHA) | |
| Source of classification or shelving scheme | Dewey Decimal Classification |
| Koha item type | Book |
| Withdrawn status | Lost status | Source of classification or shelving scheme | Damaged status | Not for loan | Collection code | Home library | Current library | Date acquired | Source of acquisition | Cost, normal purchase price | Total Checkouts | Full call number | Barcode | Date last seen | Date last checked out | Cost, replacement price | Price effective from | Koha item type |
|---|---|---|---|---|---|---|---|---|---|---|---|---|---|---|---|---|---|---|
| Dewey Decimal Classification | Physics | St Aloysius Library | St Aloysius Library | 01/03/2025 | amazon.in | 499.55 | 2 | 158.2 MASH | 077472 | 04/01/2025 | 03/10/2025 | 515.00 | 01/06/2025 | Book |